000
00366nam a2200133Ia 4500
008
231129s1984||||xx |||||||||||||| ||spa||
020
_a
958-602-342-7
082
_a
823.54 F855i
100
_a
Freeman Cynthia.
245
0
_a
Ilusiones de amor
260
_c
1984
264
_a
Bogotá: Círculo de lectores
942
_2
ddc
_c
BKS
999
_c
15584
_d
15584